000 00718nam a22002417a 4500
001 5825
003 FISKH
005 20250123122949.0
008 250123b cb ||||| |||| 00| 0 eng d
020 _a085078669X
040 _aFISKH
_beng
_cFISKH
_dFISKH
050 _aSD431
082 _a338.4
100 _aLangley, Andrew
245 _aFocus on timber /
_cBy Andrew Langley
250 _aFirst published in 1986
260 _aLondon :
_bWayland Publisher ,
_c1986.
300 _a48 pages :
_bcolor illustrations ;
_c22 cm.
520 _aDescribes where a commodity is found, how it is processed and the use we make of it.
650 _anatural science
_vnon-fiction
942 _2ddc
_cBK
_n0
999 _c5825
_d5825